000 00449cam a22001457a 4500
008 180718b1911 xxu||||| |||| 00| 0 eng d
082 _aA6x42 P759/7
100 _aMontague, F.C.
245 _aThe History of England from the accession of James I to the restoration (1603-1660)
_cby F.C. Montague
250 _a2nd
260 _aLondon
_bLongmans
_c1911
300 _a516p.
440 _aPolitical History of England vol.7.
650 _aUK - History
999 _c374499
_d374499